National Coats of Arms with Crowns - Statistics

General Stats
  • This quiz has been taken 55 times
  • The average score is 23 of 26
Answer Stats
Picture Answer % Correct
Canada
98%
New Zealand
98%
Spain
98%
United Kingdom
98%
Vatican City (triple tiara)
98%
Hungary - a republic
95%
Morocco
93%
Russia - a republic
93%
San Marino - a republic
93%
Serbia - a republic
93%
Tonga
93%
Belgium
91%
Denmark
91%
Norway
91%
Poland - a republic
89%
Bulgaria - a republic
86%
Eswatini (crown of feathers)
86%
Luxembourg
86%
Sweden
86%
Netherlands
84%
Romania - a republic
84%
Monaco
82%
Montenegro - a republic
82%
Jordan
75%
Liechtenstein (princely hat)
73%
Georgia - a republic
70%
No matching quizzes found
Score Distribution
Percent of People with Each Score
Percentile by Number Answered
Your Score History
You have not taken this quiz